000 00922nam a2200289Ia 4500
003 OSt
005 20220928125009.0
006 a|||||r|||| 00| 0
007 ta
008 220927b |||||||| |||| 00| 0 eng d
020 _c310
024 _a125449
037 _b208, 17/12/2014, Classic Book Service
_cReference Collections
040 _aSDCL
_cSDCL
_beng
041 _2eng
_aeng
082 _aP-:4k, P5 RR
100 _aSaones Catherine Ed.
_9467491
245 0 _aPocket oxford english dictionary
250 _a10th
260 _aNew Delhi
_bOxford University press
_c2011
300 _axvi;1081p.
_ccm.
650 _aReference
700 _a Elliott Julia Ed.
_9467492
700 _a Hawker Sara Ed.
_9467493
942 _hP-:4k, P5 RR
_cREF
_2CC
999 _c780347
_d780347